000 00439nab a2200145Ia 4500
003 ES-SlBCS
005 20210601134922.0
008 140529s1977 xxu||||| |||| 00| 0 spa d
041 _aspa
100 1 _aMoreno, Antonio
_950351
245 0 0 _aLa psicología profunda y la fusión del Oriente y Occidente
_c Antonio Moreno
650 0 4 _aPsicología
_944875
773 0 _tArbor
_gvol. 97, nº. 379-380, 1977, págs. 39-48
_wRev54
942 _cAR
999 _c620044
_d620044